ASUNTO INCONCLUSO (LA PAZ DE VERSALLES) /

TRADUCCION DE: UNFINISHED BUSINESS

Spremljeno u:
Bibliografski detalji
Glavni autor: Bonsal, Stephen (autor)
Format: Knjiga
Izdanje:2a edición
Teme:
Oznake: Dodaj oznaku
Bez oznaka, Budi prvi tko označuje ovaj zapis!

MARC

LEADER 00000nam^a2200000^a^4500
001 000233808
005 20250521000000.0
009 20260310104659.276
035 |a 056711 
037 |a Acervo Xavier Clavigero 
082 |a 943. 085  |b BON 
100 |a Bonsal, Stephen  |e (autor) 
245 1 0 |a ASUNTO INCONCLUSO (LA PAZ DE VERSALLES) /  |c STEPHEN BONSAL ; TR. MANUEL BARBERA 
250 |a 2a edición 
264 |a Buenos Aires, Argentina :  |b Emecé,  |c 1943 
300 |a 432 p. 
336 |a texto  |b txt  |2 rdacontenido 
337 |a sin mediación  |b n  |2 rdamedio 
338 |a volumen  |b nc  |2 rdasoporte 
520 |a TRADUCCION DE: UNFINISHED BUSINESS 
649 |a XX 
650 |a Tratado de Versalles, 1919 -  |x Tema Principal 
650 |a Guerra Mundial (Primera), 1914-1918 -  |x Historia 
910 |a Fondo General 
920 |a Impresos - Libros 
930 |a Colección General 
905 |a 101 
901 |a 056711  |b IT1  |c ACC  |i 056711  |u 20250521 
902 |a https://opac.biblio.iteso.mx/vufind/Record/000233808